Household Items Word Scramble for Kids - Statistics

General Stats
  • This quiz has been taken 185 times
  • The average score is 8 of 10
Answer Stats
Letters Answer % Correct
deb bed
99%
inks sink
93%
veon oven
87%
mpla lamp
85%
rtoargeirefr refrigerator
82%
wteol towel
79%
rweohs shower
77%
hoenp phone
75%
tveso stove
68%
sttaroe toaster
27%
No matching quizzes found
Score Distribution
Percent of People with Each Score
Percentile by Number Answered
Your Score History
You have not taken this quiz